| 000 | 01220pam a22004094a 4500 | ||
|---|---|---|---|
| 001 | 4204509 | ||
| 003 | OSt | ||
| 005 | 20151015162528.0 | ||
| 008 | 030205s2003 stka 001 0 eng | ||
| 010 | _a 2003043517 | ||
| 015 | _aGBA3-X7692 | ||
| 016 | 7 |
_a101166712 _2DNLM |
|
| 020 | _a0443070830 | ||
| 020 | _a9780443070839 | ||
| 035 | _a(OCoLC)ocm51648315 | ||
| 035 | _a(NNC)4204509 | ||
| 040 |
_aDNLM/DLC _cDLC _dYDX _dNLM _dUKM |
||
| 042 | _apcc | ||
| 050 | 1 | 0 |
_aRK529 _b.T487 2003 |
| 060 | 0 | 0 | _a2003 K-479 |
| 060 | 1 | 0 |
_aWU 600 _bT35515 2003 |
| 082 | 0 | 0 |
_a617.522059 _221 _bTEG |
| 245 | 0 | 0 |
_aTextbook of general and oral surgery / _c[edited by] David Wray ... [et al.]. |
| 246 | 3 | 0 | _aGeneral and oral surgery |
| 260 |
_aEdinburgh ; _aNew York : _bChurchill Livingstone, _c2003. |
||
| 300 |
_axii, 322 p. : _bill. ; _c25 cm. |
||
| 500 | _aIncludes index. | ||
| 650 | 0 |
_aMouth _xSurgery. _951884 |
|
| 650 | 0 |
_aDentistry. _951885 |
|
| 650 | 1 | 2 |
_aOral Surgical Procedures _xmethods. _951886 |
| 650 | 2 | 2 |
_aJaw Diseases _xsurgery. _951887 |
| 650 | 2 | 2 |
_aMouth Diseases _xsurgery. _951888 |
| 650 | 2 | 2 |
_aTooth Diseases _xsurgery. _951889 |
| 700 | 1 |
_aWray, David. _938842 |
|
| 942 |
_2ddc _cBOOK |
||
| 999 |
_c38333 _d272833 |
||